| 000 | 00499nam a2200157 a 4500 | ||
|---|---|---|---|
| 005 | 20140412111340.0 | ||
| 008 | 031016s19uu xx 00 eng d | ||
| 020 | _a81-86214-39-9 | ||
| 050 |
_aREF 403 _bA1 19_? |
||
| 245 |
_aABC Science picture encyclopedia / _cscript by Dr. W. S. Rajkumar ; illustrated by S. N. Razan. |
||
| 260 |
_aIndia : _bMarigold Books, _c[n.d.] |
||
| 300 | _a[22] p. ; ill. | ||
| 650 |
_aSciences _xJuvenile literature |
||
| 650 | _aPicture book of words | ||
| 999 |
_c105113 _d105113 |
||